000
00221nam a2200109Ia 4500
999
_c
7838
_d
7838
020
_a
978-0071239462
100
_a
Harold Koontz
245
0
_a
Management
260
_a
USA
_b
McGraw Hill
_c
1997
300
_a
744
942
_c
BK